000 00808nam a22002297a 4500
005 20090606115216.0
008 090606t xxu||||| |||| 00| 0 eng d
010 _aENG-93915
020 _c300.00
035 _aEN-77448
037 _bDBAD / PUB
040 _adpl
_bEnglish
082 _a574.03
245 _aA dictionary of biology /
_cedited by A.K. Mishra
260 _aNew Delhi
_bAkshar Mala
_c2008
270 _aA-47, Amar Colony, Lajpat Nagar,
_bNew Delhi
_e110024
300 _a303p.
_c22cm(Hb)
650 _aBiology
_xDictionaries
700 _aMishra, A.K.
942 _2ddc
_cEN
_mDIC
_h574.03
999 _c27293
_d27293